<?xml version="1.0" encoding="UTF-8"?>
<record
    xmlns:xsi="http://www.w3.org/2001/XMLSchema-instance"
    xsi:schemaLocation="http://www.loc.gov/MARC21/slim http://www.loc.gov/standards/marcxml/schema/MARC21slim.xsd"
    xmlns="http://www.loc.gov/MARC21/slim">

  <leader>02277cam a22003374a 4500</leader>
  <datafield tag="999" ind1=" " ind2=" ">
    <subfield code="c">6283</subfield>
    <subfield code="d">6283</subfield>
  </datafield>
  <controlfield tag="001">44794893</controlfield>
  <controlfield tag="003">OCoLC</controlfield>
  <controlfield tag="005">20190116145009.0</controlfield>
  <controlfield tag="008">000804s2000    caub     b    001 0 eng  </controlfield>
  <datafield tag="010" ind1=" " ind2=" ">
    <subfield code="a">   00062542</subfield>
  </datafield>
  <datafield tag="020" ind1=" " ind2=" ">
    <subfield code="a">0830720413</subfield>
  </datafield>
  <datafield tag="020" ind1=" " ind2=" ">
    <subfield code="a">9780830720415</subfield>
  </datafield>
  <datafield tag="035" ind1=" " ind2=" ">
    <subfield code="a">(OCoLC)44794893</subfield>
  </datafield>
  <datafield tag="040" ind1=" " ind2=" ">
    <subfield code="a">DLC</subfield>
    <subfield code="b">eng</subfield>
    <subfield code="c">DLC</subfield>
    <subfield code="d">BAKER</subfield>
    <subfield code="d">BTCTA</subfield>
    <subfield code="d">YDXCP</subfield>
    <subfield code="d">IG#</subfield>
    <subfield code="d">OCLCQ</subfield>
    <subfield code="d">OCLCO</subfield>
    <subfield code="d">OCLCA</subfield>
    <subfield code="d">OCLCF</subfield>
    <subfield code="d">MXL</subfield>
    <subfield code="d">CIRBC</subfield>
  </datafield>
  <datafield tag="042" ind1=" " ind2=" ">
    <subfield code="a">pcc</subfield>
  </datafield>
  <datafield tag="050" ind1="0" ind2="0">
    <subfield code="a">BS2625.3</subfield>
    <subfield code="b">.W348 2000</subfield>
  </datafield>
  <datafield tag="082" ind1="0" ind2="0">
    <subfield code="a">226.6</subfield>
    <subfield code="2">21</subfield>
    <subfield code="b">P478A</subfield>
  </datafield>
  <datafield tag="092" ind1="0" ind2=" ">
    <subfield code="a">226.6077</subfield>
    <subfield code="b">W1323a</subfield>
  </datafield>
  <datafield tag="100" ind1="1" ind2=" ">
    <subfield code="a">Wagner, C. Peter.</subfield>
  </datafield>
  <datafield tag="245" ind1="1" ind2="0">
    <subfield code="a">Acts of the Holy Spirit /</subfield>
    <subfield code="c">C. Peter Wagner.</subfield>
  </datafield>
  <datafield tag="260" ind1=" " ind2=" ">
    <subfield code="a">Ventura, Calif. :</subfield>
    <subfield code="b">Regal Books,</subfield>
    <subfield code="c">&#xA9;2000.</subfield>
  </datafield>
  <datafield tag="300" ind1=" " ind2=" ">
    <subfield code="a">556 pages :</subfield>
    <subfield code="b">1 map ;</subfield>
    <subfield code="c">22 cm</subfield>
  </datafield>
  <datafield tag="336" ind1=" " ind2=" ">
    <subfield code="a">text</subfield>
    <subfield code="b">txt</subfield>
    <subfield code="2">rdacontent</subfield>
  </datafield>
  <datafield tag="337" ind1=" " ind2=" ">
    <subfield code="a">unmediated</subfield>
    <subfield code="b">n</subfield>
    <subfield code="2">rdamedia</subfield>
  </datafield>
  <datafield tag="338" ind1=" " ind2=" ">
    <subfield code="a">volume</subfield>
    <subfield code="b">nc</subfield>
    <subfield code="2">rdacarrier</subfield>
  </datafield>
  <datafield tag="504" ind1=" " ind2=" ">
    <subfield code="a">Includes bibliographical references and index.</subfield>
  </datafield>
  <datafield tag="505" ind1="0" ind2=" ">
    <subfield code="a">God's training manual for modern Christians -- How Jesus attracted one hundred and twenty followers -- History's most powerful prayer meeting -- Acts 1 -- The spiritual explosion at Pentecost -- Acts 2 -- One hundred and thirty converts a day can shake a city -- Acts 3 and 4 -- Follow these signs to salvation -- Acts 4 and 5 -- Should foreigners run the church? -- Acts 6 -- Samaria: Preaching on the other side of the tracts -- Acts 6, 7 and 8 -- Meet Paul -- the greatest missionary of all time -- Acts 9 -- Peter blazes the trail to the Gentiles -- Acts 9, 10 and 11 -- Planting the first Gentile church -- Acts 11 -- The power of Herod versus the power of prayer -- Acts 12 -- Onward to the nations -- Acts 13 -- Extending God's kingdom upsets the enemy -- Acts 14 -- Solving conflicts in a multicultural church -- Galatians -- The famous Jerusalem Council -- Acts 15 -- Good-bye, Barnabas; hello Silas -- Acts 15:36-41 -- To Europe with power -- Acts 16 -- You win some and you lose some -- Acts 17 -- Corinth to Antioch to Ephesus -- Acts 18 and 19 -- Invading Diana's territory -- Acts 19 -- A long trip toward the Jerusalem jail -- Acts 20 and 21 -- What to do with this troublemaker? -- Acts 21 to 26 -- Destination: Rome -- Acts 27 and 28.</subfield>
  </datafield>
  <datafield tag="630" ind1="0" ind2="0">
    <subfield code="a">Bible.</subfield>
    <subfield code="p">Acts</subfield>
    <subfield code="v">Commentaries.</subfield>
  </datafield>
  <datafield tag="655" ind1=" " ind2="7">
    <subfield code="a">Commentaries.</subfield>
    <subfield code="2">fast</subfield>
    <subfield code="0">(OCoLC)fst01423723</subfield>
  </datafield>
  <datafield tag="942" ind1=" " ind2=" ">
    <subfield code="2">ddc</subfield>
    <subfield code="c">BK</subfield>
  </datafield>
  <datafield tag="952" ind1=" " ind2=" ">
    <subfield code="0">0</subfield>
    <subfield code="1">0</subfield>
    <subfield code="2">ddc</subfield>
    <subfield code="4">0</subfield>
    <subfield code="7">0</subfield>
    <subfield code="8">NFIC</subfield>
    <subfield code="a">HMC</subfield>
    <subfield code="b">HMC</subfield>
    <subfield code="c">GEN</subfield>
    <subfield code="d">2019-01-16</subfield>
    <subfield code="g">3650.00</subfield>
    <subfield code="l">0</subfield>
    <subfield code="o">226.6 P478A</subfield>
    <subfield code="p">006891</subfield>
    <subfield code="r">2019-01-16 00:00:00</subfield>
    <subfield code="w">2019-01-16</subfield>
    <subfield code="y">BK</subfield>
  </datafield>
</record>
